[Event "Barnstaple op"]
[Site "Barnstaple"]
[Date "1971.10.02"]
[Round "3"]
[White "Wright, Daniel"]
[Black "Hosking, AL."]
[Result "1-0"]
[WhiteElo "2352"]
[BlackElo "1736"]

1.Nf3 e6 2.c4 Nf6 3.Nc3 c5 4.g3 g6 5.d4 cxd4 6.Nxd4 Nc6 7.Bg2 a6 8.e4 Qb6
9.Nb3 Ne5 10.c5 Bxc5 11.Nxc5 Qxc5 12.O-O O-O 13.Be3 Qc7 14.Rc1 Nc6 15.Bc5 Re8
16.Bd6 Qa5 17.e5 Nh5 18.Re1 f6 19.g4 Nf4 20.exf6 Nxg2 21.Kxg2 Kf7 22.Ne4 h6
23.Bc5 Rh8 24.Nd6+ Kg8 25.Nxc8 Rxc8 26.Qxd7 Qc7 27.f7+ Kh7 28.f8=N+ Kg8 29.Qxe6+  1-0

[Event "URS-ch39"]
[Site "Leningrad"]
[Date "1971.??.??"]
[Round "?"]
[White "Shamkovich, Leonid"]
[Black "Karpov, Anatoly"]
[Result "0-1"]
[WhiteElo "2520"]
[BlackElo "2540"]

1.c4 c5 2.Nf3 Nf6 3.Nc3 d5 4.cxd5 Nxd5 5.e3 Nxc3 6.bxc3 g6 7.Ba3 Qc7 8.Bc4 Bg7
9.O-O O-O 10.Rc1 Nd7 11.d4 Rb8 12.Bb5 b6 13.Nd2 Rd8 14.Qf3 a6 15.Be2 Bb7
16.Qg3 Qc6 17.Bb2 e5 18.e4 exd4 19.cxd4 Qa4 20.Bc4 cxd4 21.Bb3 Qb5 22.Qf4 Rf8
23.Nf3 Nc5 24.Bxd4 Bxd4 25.Nxd4 Qe8 26.Bd5 Nd3 27.Qf6 Qd8 28.Qxd8 Rfxd8 29.Rcd1 Nf4
30.Nc6 Bxc6 31.Bxc6 Ne2+ 32.Kh1 Nf4 33.Rxd8+ Rxd8 34.Bd5 Kf8 35.g3 Nxd5 36.Rd1 Ke7
37.exd5 Rc8 38.Rd2 Kd6 39.a4 Rc5 40.Rb2 b5 41.axb5 axb5 42.Kg2 Kxd5 43.Rb4 Kc6
44.Kf3 Rc4 45.Rb1 b4 46.Ke3 Kb5 47.f4 f5 48.Kd2 Rc6 49.Kd3 Ka4 50.Ra1+ Kb3  0-1

[Event "Mar del Plata"]
[Site "Mar del Plata"]
[Date "1971.??.??"]
[Round "6"]
[White "Quinteros, Miguel A"]
[Black "Juarez, Carlos Eleodoro"]
[Result "1/2-1/2"]
[WhiteElo "2465"]
[BlackElo "2340"]

1.Nf3 c5 2.c4 Nf6 3.Nc3 g6 4.d4 cxd4 5.Nxd4 Bg7 6.g3 O-O 7.Bg2 Nc6 8.O-O a6
9.e3 Qc7 10.b3 d6 11.Bb2 Bd7 12.Rc1 Nxd4 13.exd4 e6 14.Kh1 Rab8 15.a4 Rfc8
16.Ba3 Be8 17.d5 e5 18.f4 exf4 19.Rxf4 Qd8 20.Qf1 Nh5 21.Rf3 f5 22.Re1 b5
23.axb5 axb5 24.Nxb5 Bxb5 25.cxb5 Be5 26.Rb1 Rc2 27.Rc1 Rxc1 28.Bxc1 Qd7
29.b4 Rxb5 30.Bd2 Nf6 31.Rd3 Rb8 32.Rb3 Qa7 33.Be3 Qa2 34.Qb1 Qe2 35.Bg1 Qh5
36.Bf3 Qh3 37.b5 Ra8 38.b6 Ra1 39.b7 Nd7 40.b8=Q+ Nxb8 41.Rxb8+ Kg7 42.Qd3 Bxg3
43.Rb1 Bxh2 44.Bxh2 Rxb1+ 45.Qxb1 Qxf3+ 46.Kg1 Qxd5 47.Qa1+ Kf7 48.Qa7+ Kf6
49.Qxh7 Qd1+ 50.Kg2 Qe2+ 51.Kg1 Qe3+ 52.Kg2 Qe4+ 53.Kf2 f4 54.Qh8+ Kf5 55.Qc8+ Ke5
56.Qe8+ Kf5 57.Qd7+  1/2-1/2

[Event "Mar del Plata"]
[Site "Mar del Plata"]
[Date "1971.??.??"]
[Round "6"]
[White "Savon, Vladimir A"]
[Black "Rubinetti, Jorge A"]
[Result "1/2-1/2"]
[WhiteElo "2570"]
[BlackElo "2425"]

1.c4 e6 2.Nf3 Nf6 3.Nc3 c5 4.e4 Nc6 5.Be2 d5 6.exd5 exd5 7.d4 Be7 8.O-O O-O
9.Be3 cxd4 10.Nxd4 Nxd4 11.Bxd4 dxc4 12.Bxc4 Bd7 13.Qb3 Bc6 14.Rad1 Qa5 15.Rfe1 Qb4
16.Qxb4 Bxb4 17.a3 Bxc3 18.Bxc3 Rfe8 19.Rxe8+ Rxe8 20.f3 Nd7 21.Kf2 Nb6 22.Ba2 Na4
23.Bd4 Rd8 24.Bb3 h6 25.h4 b6 26.Bc2 Nc5 27.Bc3 Rxd1 28.Bxd1 Kf8 29.b4 Nd7
30.Bb3 f6 31.Ke3 Ke7 32.Kf4 Nf8 33.h5 Be8 34.g4 Bc6 35.a4 Ne6+ 36.Ke3 b5
37.a5 a6 38.Bc2 Kd6 39.Be4 Bd5 40.Bd4 Bxe4 41.Kxe4 Ng5+ 42.Ke3 Kd5 43.f4 Ne6
44.Ba1 Nc7 45.Bd4 Ne6 46.Bb2 Nc7 47.Kd3 Ne6 48.Bc1 Nd4 49.Bd2 Ne6 50.Be3 Nc7
51.Bb6 Ne6 52.Ke3 Kc4 53.f5 Nf8 54.Bc5 Nd7 55.Bd6 Kd5 56.Be7 Ke5  1/2-1/2

[Event "Novy Smokovec"]
[Site "Novy Smokovec"]
[Date "1971.??.??"]
[Round "9"]
[White "Bugar, Anton"]
[Black "Balcerowski, Witold"]
[Result "1/2-1/2"]
[WhiteElo "2200"]
[BlackElo "2380"]

1.c4 Nf6 2.Nc3 c5 3.Nf3 g6 4.b3 Bg7 5.Bb2 O-O 6.g3 Nc6 7.Bg2 e5 8.O-O d6
9.e3 Ne8 10.Nd5 e4 11.Bxg7 exf3 12.Bxf8 fxg2 13.Kxg2 Kxf8 14.d4 Nf6 15.Qf3 Kg7
16.dxc5 dxc5 17.h3 Bf5 18.Nxf6 Qxf6 19.g4 Be6 20.Qxf6+ Kxf6 21.f4 Ke7 22.Kg3 f5
23.Kh4 a6 24.Rac1 Nd8 25.e4 Nc6 26.exf5 gxf5 27.Rce1 Kf7 28.Re3 a5 29.Kh5 Rg8
30.Rfe1 Rg6 31.g5 b6 32.Rxe6 Rxe6 33.Rxe6 Kxe6 34.Kh6 Kf7 35.Kxh7 Ne7 36.h4 Ng8
37.h5 Ne7 38.g6+ Kf8 39.Kh6 Ng8+ 40.Kg5 Kg7 41.Kxf5 Kh6 42.Ke6 Kxh5 43.g7 Kg6
44.Kd6 Kxg7 45.Kc6 Kf6 46.Kxb6 Kf5 47.Kxa5 Kxf4 48.Kb6 Nf6 49.a4 Ke5 50.a5 Kd6
51.a6 Ne8 52.a7 Nc7 53.Ka5  1/2-1/2

[Event "Vrnjacka Banja"]
[Site "Vrnjacka Banja"]
[Date "1971.??.??"]
[Round "?"]
[White "Stein, Leonid"]
[Black "Damjanovic, Mato"]
[Result "1/2-1/2"]
[WhiteElo "2620"]
[BlackElo "2500"]

1.Nf3 Nf6 2.c4 c5 3.Nc3 e6 4.g3 Be7 5.Bg2 d5 6.cxd5 exd5 7.d4 Nc6 8.O-O O-O
9.Bg5 cxd4 10.Nxd4 h6 11.Be3 Re8 12.Rc1 Bf8 13.Nxc6 bxc6 14.Bd4 Bg4 15.Qa4 Bd7
16.Bxf6 Qxf6 17.Bxd5 cxd5 18.Qxd7 Rad8 19.Qa4 d4 20.Nd5 Qf5 21.Nf4 g5 22.Nd3 Rxe2
23.Qd1 Rde8 24.Re1 Rxe1+ 25.Nxe1 d3 26.Nxd3 Rd8 27.Rc3 Bg7 28.Rb3 Bxb2  1/2-1/2

[Event "Hoogovens-B"]
[Site "Wijk aan Zee"]
[Date "1971.??.??"]
[Round "?"]
[White "Van Scheltinga, Theo D"]
[Black "Witkowski, Stefan"]
[Result "0-1"]
[WhiteElo "2370"]
[BlackElo "2340"]

1.c4 Nf6 2.Nc3 c5 3.Nf3 d5 4.cxd5 Nxd5 5.g3 Nc6 6.Bg2 Nc7 7.b3 e5 8.Bb2 Be7
9.Rc1 f6 10.O-O O-O 11.Na4 Na6 12.Ne1 Bg4 13.Bxc6 bxc6 14.Ng2 Nb4 15.f3 Be6
16.a3 Na6 17.Ne3 Rb8 18.Nc4 Qd7 19.d3 Qb7 20.b4 cxb4 21.Na5 Qd7 22.Nxc6 bxa3
23.Ba1 Bb3 24.Qd2 Bxa4 25.Nxb8 Rxb8 26.Qa5 Qb5 27.Qxb5 Rxb5 28.f4 exf4 29.Rxf4 Bb3
30.Rc8+ Kf7 31.Ra8 Rb7 32.Rf1 a2 33.Rc1 Be6 34.Kf2 Rb1 35.Re1 Bc5+ 36.d4 Rxa1
37.Rxa1 Bxd4+ 38.e3 Bxa1 39.Rxa7+ Kg6 40.Rxa6 Be5  0-1

[Event "WchT U26"]
[Site "Graz"]
[Date "1972.??.??"]
[Round "5"]
[White "Heim, Sverre"]
[Black "McKay, Roderick M"]
[Result "0-1"]
[WhiteElo "2305"]
[BlackElo "2330"]

1.c4 Nf6 2.Nc3 e6 3.Nf3 c5 4.g3 Nc6 5.Bg2 d5 6.cxd5 exd5 7.d4 Be7 8.O-O O-O
9.dxc5 d4 10.Na4 Bf5 11.Bd2 Be4 12.b4 Qd5 13.Nb2 a5 14.a3 axb4 15.axb4 Rxa1
16.Qxa1 Ne5 17.Ne1 Bxg2 18.Nxg2 Ne4 19.Qd1 Qa2 20.Qc2 d3 21.Qc1 dxe2 22.Re1 Nf3+
23.Kh1 Nxf2+  0-1

[Event "WchT U26"]
[Site "Graz"]
[Date "1972.??.??"]
[Round "6"]
[White "Nehmert, Ulrich"]
[Black "Balashov, Yuri S"]
[Result "1/2-1/2"]
[WhiteElo "2200"]
[BlackElo "2560"]

1.c4 e6 2.Nc3 Nf6 3.Nf3 c5 4.g3 d5 5.cxd5 Nxd5 6.Bg2 Nc6 7.O-O Be7 8.d3 O-O
9.Bd2 b6 10.Qa4 Bb7 11.Rfc1 Qd7 12.a3 Nf6 13.Rab1  1/2-1/2

[Event "WchT U26"]
[Site "Graz"]
[Date "1972.??.??"]
[Round "9"]
[White "Rogoff, Kenneth"]
[Black "Fedder, Steen"]
[Result "1/2-1/2"]
[WhiteElo "2430"]
[BlackElo "2370"]

1.Nf3 Nf6 2.c4 c5 3.Nc3 d5 4.cxd5 Nxd5 5.g3 Nc6 6.Bg2 Nc7 7.O-O e5 8.d3 Be7
9.Nd2 O-O 10.Nc4 f6 11.a4 Be6 12.a5 Qd7 13.Qa4 Na6 14.f4 Nab4 15.fxe5 fxe5
16.Be3 Rac8 17.Rf2 Rxf2 18.Bxf2 Qc7 19.Be4 Nd4 20.Qd1 Rd8 21.b3 g6 22.e3 Ndc6  1/2-1/2

[Event "Las Palmas"]
[Site "Las Palmas"]
[Date "1972.??.??"]
[Round "11"]
[White "Lehmann, Heinz Dr"]
[Black "Dominguez Sanz, Juan P"]
[Result "1-0"]
[WhiteElo "2395"]
[BlackElo "2200"]

1.Nf3 Nf6 2.c4 c5 3.Nc3 g6 4.d4 cxd4 5.Nxd4 Bg7 6.e4 d6 7.Be2 Nc6 8.Be3 O-O
9.O-O Bd7 10.Rc1 Ne8 11.Qd2 f5 12.exf5 gxf5 13.f4 e6 14.Ndb5 Qe7 15.Rfd1 e5
16.c5 Rd8 17.Bc4+ Kh8 18.cxd6 Qh4 19.g3 Qh5 20.Be2 Qg6 21.Nc7 h5 22.Nxe8 Rfxe8
23.Nd5 h4 24.Kf2 Qxd6 25.fxe5 Bxe5 26.Bf4 Bd4+ 27.Qxd4+ Nxd4 28.Bxd6 Rxe2+
29.Kf1 Bb5 30.Nc3 Ba6 31.Rxd4 Rc2+ 32.Ke1 Rxc1+ 33.Kd2 Rxd6 34.Rxd6 Rg1 35.Rh6+ Kg7
36.Rxh4 Rg2+ 37.Kc1 Bd3 38.Rd4 Ba6 39.Rd2 Rg1+ 40.Kc2 Kg6 41.Nd5 Bb5 42.Ne7+ Kf6
43.Nxf5 Ba4+ 44.b3 Bxb3+ 45.axb3 Kxf5 46.Kc3 Rc1+ 47.Kd4 b5 48.Ra2 b4 49.Rxa7 Rc3
50.Rf7+ Kg6 51.Rb7 Rxb3 52.Ke5 Rb2 53.h4 b3 54.Kf4 Rf2+ 55.Ke3 Rb2 56.g4 Rh2
57.Rb6+ Kg7 58.h5 b2 59.Kf4 Rc2 60.Kg5 Rc5+ 61.Kh4 Rc2 62.h6+ Kh7 63.Kh5  1-0

[Event "NLD-ch"]
[Site "Leeuwarden"]
[Date "1972.??.??"]
[Round "9"]
[White "Timman, Anton P"]
[Black "Langeweg, Kick"]
[Result "0-1"]
[WhiteElo "2325"]
[BlackElo "2425"]

1.c4 Nf6 2.Nc3 e6 3.Nf3 c5 4.g3 b6 5.Bg2 Bb7 6.O-O Be7 7.d4 cxd4 8.Qxd4 O-O
9.Rd1 d6 10.b3 Nc6 11.Qf4 Qb8 12.Bb2 a6 13.Ng5 Ne5 14.Bxb7 Qxb7 15.Nce4 Ng6
16.Qf3 Nxe4 17.Nxe4 Qc7 18.Qc3 f6 19.f4 Rf7 20.Qf3 Rd8 21.f5 Ne5 22.Qf4 exf5
23.Qxf5 b5 24.Bxe5 dxe5 25.cxb5 axb5 26.Qe6 f5 27.Rxd8+ Qxd8 28.Rc1 Bf8 29.Rc8 Qd1+  0-1

[Event "URS-chT Moscow"]
[Site "Moscow"]
[Date "1972.??.??"]
[Round "?"]
[White "Stein, Leonid"]
[Black "Karpov, Anatoly"]
[Result "0-1"]
[WhiteElo "2620"]
[BlackElo "2630"]

1.c4 c5 2.Nf3 Nf6 3.Nc3 d5 4.cxd5 Nxd5 5.d4 Nxc3 6.bxc3 g6 7.e4 Bg7 8.Bb5+ Nd7
9.O-O O-O 10.a4 a6 11.Bc4 Qc7 12.Qe2 b6 13.e5 e6 14.Ng5 Bb7 15.f4 h6 16.Nxe6 fxe6
17.Bxe6+ Kh8 18.Qg4 Rfd8 19.f5 Nf8 20.f6 Nxe6 21.Qxe6 Bf8 22.Qh3 cxd4 23.cxd4 Rxd4
24.e6 Bc5 25.Kh1 h5 26.Ra2 Bd5 27.Rd2 Rxd2 28.Bxd2 Qe5 29.Qd3 Qxe6 30.Qxg6 Qg4
31.Qh6+ Kg8 32.f7+ Bxf7 33.Bc3 Bd4 34.h3 Qg7 35.Qc6 Rd8 36.Bxd4 Qxd4 37.Qb7 Rd7
38.Qc6 Kg7 39.Qc1 Qe5 40.Re1 Qf6 41.Rf1 Qd4  0-1

[Event "Rubinstein mem"]
[Site "Polanica Zdroj"]
[Date "1972.??.??"]
[Round "1"]
[White "Pytel, Krzysztof"]
[Black "Smejkal, Jan"]
[Result "1/2-1/2"]
[WhiteElo "2380"]
[BlackElo "2545"]

1.Nf3 Nf6 2.c4 c5 3.Nc3 d5 4.cxd5 Nxd5 5.g3 g6 6.Bg2 Bg7 7.O-O O-O 8.Qa4 Nb4
9.a3 Bd7 10.Qb3 Be6 11.Qa4 Bd7 12.Qb3 Be6 13.Qa4 Bd7  1/2-1/2

[Event "Skopje ol (Men) prel"]
[Site "Skopje"]
[Date "1972.??.??"]
[Round "2"]
[White "Malich, Burkhard"]
[Black "Camilleri, Henry"]
[Result "1-0"]
[WhiteElo "2490"]
[BlackElo "2250"]

1.Nf3 c5 2.c4 Nf6 3.Nc3 d5 4.cxd5 Nxd5 5.g3 Nc6 6.Bg2 Nxc3 7.bxc3 e5 8.O-O Be7
9.d3 O-O 10.Nd2 Be6 11.Rb1 Qd7 12.c4 Rad8 13.Re1 b6 14.Bb2 Bd6 15.Ne4 Bb8
16.Bc3 Bh3 17.Bh1 Nd4 18.a4 h6 19.a5 f5 20.Nd2 Bc7 21.axb6 axb6 22.Ra1 e4
23.dxe4 f4 24.Nf3 fxg3 25.hxg3 Bxg3 26.fxg3 Qg4 27.Kh2 Nf5 28.exf5 Rxd1 29.Raxd1 Rxf5
30.Rd8+ Rf8 31.Ne5 Qf5 32.Bd5+ Kh7 33.Rxf8 Qxf8 34.Kxh3 Qf5+ 35.Kg2 Qc2 36.Ba1 h5
37.Kf3 Qf5+ 38.Kg2 h4 39.Rh1 g5 40.gxh4 g4 41.Rf1 Qc2 42.Rf7+  1-0

[Event "Skopje ol (Men) fin-C"]
[Site "Skopje"]
[Date "1972.??.??"]
[Round "2"]
[White "Stuart, Peter"]
[Black "Belliard, Luis"]
[Result "1/2-1/2"]
[WhiteElo "2200"]
[BlackElo "200"]

1.c4 c5 2.Nc3 Nf6 3.Nf3 g6 4.e3 Bg7 5.Be2 O-O 6.O-O d5 7.d4 cxd4 8.exd4 dxc4
9.Bxc4 a6 10.Be3 Nbd7 11.Rc1 b5 12.Be2 Bb7 13.b4 Nd5 14.Nxd5 Bxd5 15.Qd2 Rc8
16.Rxc8 Qxc8 17.Rc1 Qb7 18.Ne1 Rc8 19.Rxc8+ Qxc8 20.Nd3 Nb6 21.Nf4  1/2-1/2

[Event "Skopje ol (Men) prel"]
[Site "Skopje"]
[Date "1972.??.??"]
[Round "3"]
[White "Wotulo, Max"]
[Black "Ben Larbi"]
[Result "1-0"]
[WhiteElo "2330"]
[BlackElo "2220"]

1.c4 Nf6 2.Nc3 e6 3.Nf3 c5 4.g3 b6 5.Bg2 Bb7 6.O-O Be7 7.d3 O-O 8.e4 d6 9.b3 Nc6
10.d4 e5 11.d5 Nd4 12.Nxd4 cxd4 13.Ne2 Nd7 14.Qd3 Nc5 15.Qb1 a5 16.f4 Bf6
17.fxe5 dxe5 18.h3 Bc8 19.Kh2 h5 20.Ng1 g5 21.a4 Bg7 22.Ra2 Ra7 23.Re2 f6
24.Nf3 Raf7 25.Ne1 g4 26.h4 Nb7 27.Nd3 Nd6 28.Bd2 f5 29.Bg5 Qc7 30.exf5 Bxf5
31.Qd1 Bg6 32.Rxf7 Rxf7 33.Re1 Nf5 34.Be4 Qd6 35.Qe2 Ne3 36.Bxg6 Qxg6 37.Bxe3 Rf3
38.Bxd4 exd4 39.Nf4 Qd6 40.Qe6+ Qxe6 41.dxe6 Re3 42.Rxe3 dxe3 43.Kg2 Bd4
44.Kf1 Kf8 45.Ke2 Ke7 46.Nxh5 Kxe6 47.Nf4+ Kf5 48.Kd3 e2 49.Nxe2 Bf2 50.h5 Bc5
51.h6 Bf8 52.h7 Bg7 53.Nf4 Be5 54.Ke3 Bb2 55.Nd5 Be5 56.Nxb6 Bb2 57.Nd5 Be5
58.c5 Ke6 59.Ke4 Bh8 60.c6 Kd6  1-0

[Event "Skopje ol (Men) fin-C"]
[Site "Skopje"]
[Date "1972.??.??"]
[Round "5"]
[White "Frey, Kenneth"]
[Black "Hutchings, Stuart J"]
[Result "1-0"]
[WhiteElo "2200"]
[BlackElo "2200"]

1.Nf3 Nf6 2.c4 c5 3.Nc3 d5 4.cxd5 Nxd5 5.e3 Nxc3 6.bxc3 g6 7.d4 Bg7 8.Be2 O-O
9.O-O Qc7 10.a4 Nd7 11.Bb2 Rd8 12.Qb3 e6 13.a5 b6 14.axb6 Nxb6 15.Ba3 Bf8
16.Rfc1 Bb7 17.Qb5 Nd7 18.Qa4 Bc6 19.Qc2 Rab8 20.e4 Ba8 21.Qd3 Nf6 22.Nd2 Bh6
23.f3 Qf4 24.Nf1 Rbc8 25.Rd1 cxd4 26.cxd4 Nd7 27.Bc1 Qh4 28.Bxh6 Qxh6 29.Rxa7 Ne5
30.Qb5 Nc6 31.Rxa8 Rxa8 32.Qxc6 Rdc8 33.Qb5 Rc1 34.Rxc1 Qxc1 35.d5 exd5 36.exd5 Qc7
37.Kf2 Rb8 38.Qc6 Qa7+ 39.Ne3 Rb1 40.d6 Qa5  1-0

[Event "Skopje ol (Men) fin-A"]
[Site "Skopje"]
[Date "1972.??.??"]
[Round "5"]
[White "Uhlmann, Wolfgang"]
[Black "Kortschnoj, Viktor"]
[Result "0-1"]
[WhiteElo "2530"]
[BlackElo "2640"]

1.c4 c5 2.Nf3 Nf6 3.Nc3 d5 4.cxd5 Nxd5 5.Qa4+ Nc6 6.Ne5 Qc7 7.Nxd5 Qxe5 8.Nb6 Rb8
9.Nxc8 Rxc8 10.e3 Qd5 11.Qg4 e6 12.b3 h5 13.Qh3 Rd8 14.Bc4 Qe5 15.Rb1 Qe4
16.Rb2 Be7 17.d3 Qg6 18.Bb5 O-O 19.Bxc6 Qxd3 20.Rd2 Qc3 21.Ke2 bxc6 22.Rhd1 Rxd2+
23.Bxd2 Qc2 24.Qxh5 Rd8 25.Qg4 Qxa2 26.Qa4 Qc2 27.Qxa7 Bf6 28.Qa5 Rd5 29.Rc1 Qd3+
30.Ke1 c4 31.Qb4 c5  0-1

[Event "Skopje ol (Men) fin-A"]
[Site "Skopje"]
[Date "1972.??.??"]
[Round "8"]
[White "Uhlmann, Wolfgang"]
[Black "Schmidt, Wlodzimierz"]
[Result "0-1"]
[WhiteElo "2530"]
[BlackElo "2450"]

1.c4 c5 2.Nf3 Nf6 3.Nc3 d5 4.cxd5 Nxd5 5.d3 Nc6 6.Bd2 e5 7.g3 Be7 8.a3 Nc7
9.Bg2 f6 10.Rb1 Be6 11.O-O Qd7 12.Qa4 Na6 13.Ne1 Rc8 14.Nc2 c4 15.Be3 cxd3
16.exd3 Nc5 17.Bxc5 Bxc5 18.Ne4 Be7 19.b4 Nd8 20.Qxd7+ Bxd7 21.Rbc1 Ne6 22.Ne3 Nd4
23.Rxc8+ Bxc8 24.Nd5 Kf7 25.f4 exf4 26.Re1 f3 27.Nxe7 Be6 28.Bh3 Ne2+ 29.Kf2 Bxh3
30.Nd5 Rd8 31.Ne3 Rxd3 32.Kxf3 Nd4+ 33.Kf2 Rxa3 34.g4 h5 35.gxh5 Nb5 36.Nc4 Rd3
37.Ng5+ Kf8 38.h6 gxh6 39.Ne4 Kf7 40.Re3 Rxe3 41.Kxe3 Bg2  0-1

[Event "Skopje ol (Men) fin-C"]
[Site "Skopje"]
[Date "1972.??.??"]
[Round "13"]
[White "Hutchings, Stuart J"]
[Black "Shirazi, Kamran G"]
[Result "1/2-1/2"]
[WhiteElo "2200"]
[BlackElo "2200"]

1.Nf3 c5 2.c4 Nf6 3.Nc3 d5 4.cxd5 Nxd5 5.g3 Nc6 6.Bg2 e5 7.Nxe5 Nxc3 8.Nxc6 Nxd1
9.Nxd8 Nxf2 10.Nxf7 Kxf7 11.Kxf2 Be7 12.d3 Bf6 13.Be3 Be6 14.Rac1 b6 15.Bxa8 Rxa8
16.b3 a5 17.Rc2 g5 18.Rd1 a4 19.Rb1 a3 20.b4 Bb2 21.bxc5 bxc5 22.Rcxb2 axb2
23.Rxb2 c4 24.dxc4 Bxc4 25.Rc2 Be6 26.Bxg5 Rxa2 27.Rxa2 Bxa2 28.g4 Be6 29.Kf3 Bd5+
30.Kf4 Bc4 31.e4 Be2 32.Bd8 Ke6 33.Ba5 h5 34.g5 Bb5 35.g6 Kf6 36.Bc3+ Kxg6
37.Ke5 Bc4 38.Kd6 Bb3 39.Ke7 Bc4 40.e5 Kf5  1/2-1/2

[Event "Skopje ol (Men) fin-A"]
[Site "Skopje"]
[Date "1972.??.??"]
[Round "14"]
[White "Petrosian, Tigran V"]
[Black "Garcia, Raimundo"]
[Result "1/2-1/2"]
[WhiteElo "2645"]
[BlackElo "2430"]

1.c4 c5 2.Nf3 Nf6 3.Nc3 d5 4.cxd5 Nxd5 5.e3 e6 6.d4 Nc6 7.Bc4 cxd4 8.exd4 Be7
9.O-O O-O 10.Re1 a6 11.a4 Ncb4 12.Ne5 Bd7 13.Bb3 Rc8 14.Qf3 Bc6 15.Qh3 Bg5
16.Bxg5 Qxg5 17.Ne4 Qd8 18.a5 Nf4 19.Qf3 Bxe4 20.Qxe4 Nfd5 21.g3 Rc7 22.Qe2 Qf6
23.Rac1 Rfc8 24.Nd7 Qd8 25.Nc5 Re7 26.Qf3 h6 27.Bxd5 Nxd5 28.Qa3 Rb8 29.Red1 Rc7
30.Rd3 Qd6 31.Rcd1 Re7 32.Rb3 Rc7 33.Qa4 Kh7 34.Qc4 Qd8 35.Qe2 Qe8 36.Qe5 Qc8
37.h4 Kg8 38.Rf3 Qe8 39.Ra1 Rbc8  1/2-1/2

[Event "CAN-ch"]
[Site "Toronto"]
[Date "1972.??.??"]
[Round "16"]
[White "Vranesic, Zvonko"]
[Black "Smook, R."]
[Result "1-0"]
[WhiteElo "2425"]
[BlackElo "2200"]

1.c4 Nf6 2.Nc3 e6 3.Nf3 c5 4.d4 cxd4 5.Nxd4 Bb4 6.Bd2 Nc6 7.Nc2 Bxc3 8.Bxc3 Ne4
9.Qd3 Nxc3 10.Qxc3 O-O 11.e3 Qc7 12.Be2 b6 13.O-O Bb7 14.Rfd1 Rac8 15.Na3 a6
16.Rac1 Ne5 17.Qd4 d5 18.Rc3 dxc4 19.Nxc4 Nxc4 20.Rxc4 Bc6 21.Qh4 Qb7 22.Rcd4 b5
23.h3 Bd5 24.b3 f5 25.R4d2 Rf7 26.Qg5 Rfc7 27.Bf3 Bxf3 28.Rd8+ Kf7 29.gxf3 Rc1
30.Qh5+ Kf6 31.Rxc1 Rxc1+ 32.Kg2 g6 33.Qh4+ Kg7 34.Qd4+ Kh6 35.Rd7  1-0

[Event "JUG-ch"]
[Site "Umag"]
[Date "1972.??.??"]
[Round "5"]
[White "Masic, Ljubomir"]
[Black "Janosevic, Dragoljub"]
[Result "1/2-1/2"]
[WhiteElo "2390"]
[BlackElo "2430"]

1.Nf3 Nf6 2.c4 c5 3.Nc3 g6 4.d4 cxd4 5.Nxd4 Nc6 6.g3 Bg7 7.Bg2 O-O 8.O-O Nxd4
9.Qxd4 d6 10.Qd3 Bf5 11.e4 Be6 12.Bd2 Nd7 13.b3 a6 14.Rac1 Rb8 15.h3 Nc5
16.Qe2 Bd7 17.Be3 Bc6 18.Rfd1 Qa5 19.Nd5 Bxd5 20.exd5 Rfe8 21.Rc2 Nd7 22.Rb1 Qc7
23.b4 b6 24.c5 bxc5 25.Qxa6 Qb7 26.Qxb7 Rxb7 27.Rb3  1/2-1/2

[Event "Hoogovens"]
[Site "Wijk aan Zee"]
[Date "1972.??.??"]
[Round "5"]
[White "Pomar Salamanca, Arturo"]
[Black "Benko, Pal C"]
[Result "1/2-1/2"]
[WhiteElo "2510"]
[BlackElo "2515"]

1.Nf3 Nf6 2.c4 e6 3.Nc3 c5 4.d4 cxd4 5.Nxd4 Bb4 6.e3 O-O 7.Qc2 Nc6 8.a3 Be7
9.Be2 d5 10.cxd5 Nxd4 11.exd4 exd5 12.O-O Qb6 13.Be3 Bd7 14.Bf3 Rac8 15.Rfe1 Be6
16.Rac1 Rc4 17.Be2  1/2-1/2

[Event "NLD-ch"]
[Site "Leeuwarden"]
[Date "1973.??.??"]
[Round "11"]
[White "Van Scheltinga, Theo D"]
[Black "Hartoch, Robert G"]
[Result "1/2-1/2"]
[WhiteElo "2330"]
[BlackElo "2380"]

1.Nf3 c5 2.c4 Nf6 3.Nc3 b6 4.e4 d6 5.d4 cxd4 6.Nxd4 Bb7 7.f3 Nbd7 8.Be2 a6
9.Be3 e6 10.O-O Be7 11.Qd2 O-O 12.Rad1 Rc8 13.Kh1 Qc7 14.Rc1 Rfe8 15.Qe1 Bf8
16.Qf2 Qb8 17.Rfd1 Qa8 18.Nb3 d5 19.cxd5 exd5 20.exd5 Nxd5 21.Nxd5 Bxd5 22.Rxc8 Rxc8
23.Bxb6 Bxb3 24.axb3 Qb7 25.Bd4 Qxb3  1/2-1/2

[Event "Madrid"]
[Site "Madrid"]
[Date "1973.??.??"]
[Round "5"]
[White "Uhlmann, Wolfgang"]
[Black "Panno, Oscar"]
[Result "1/2-1/2"]
[WhiteElo "2560"]
[BlackElo "2585"]

1.c4 c5 2.Nf3 Nf6 3.Nc3 d5 4.cxd5 Nxd5 5.e3 e6 6.d4 Nc6 7.Bc4 cxd4 8.exd4 Be7
9.O-O O-O 10.a3 a6 11.Qd3 b5 12.Nxd5 exd5 13.Ba2 Be6 14.Be3 Qd6 15.Rac1 Rfc8
16.h3 Na5 17.Bd2 Nc4 18.Bb4 Qd8 19.Bxe7 Qxe7 20.Qe2 Rc7 21.Ne5 Bf5 22.Rfe1 Rac8
23.g4 Bg6 24.Rc3 a5 25.Bxc4 dxc4 26.Re3 Qd6 27.Nc6 Rf8 28.d5 h6 29.Qf3 Rd7
30.h4 Bc2 31.Re5 b4 32.Nxa5 bxa3 33.bxa3 f6 34.Re6 Qxd5 35.Qxd5 Rxd5 36.Nxc4 Bb3
37.Ne3 Ra5 38.Re7 Rxa3 39.Rc1 Rf7 40.Rc8+ Rf8 41.Rcc7 Rf7 42.Nf5 Rxe7 43.Nxe7+ Kf8
44.Ng6+  1/2-1/2

[Event "Madrid"]
[Site "Madrid"]
[Date "1973.??.??"]
[Round "11"]
[White "Portisch, Lajos"]
[Black "Ljubojevic, Ljubomir"]
[Result "1/2-1/2"]
[WhiteElo "2650"]
[BlackElo "2565"]

1.Nf3 c5 2.c4 Nf6 3.Nc3 b6 4.e4 d6 5.g3 Bb7 6.d3 e6 7.Bg2 Be7 8.O-O Nbd7
9.Re1 Qc7 10.b3 a6 11.Bb2 O-O 12.d4 cxd4 13.Nxd4 Rac8 14.Rc1 Qb8 15.Rc2 Rfe8
16.f4 Bf8 17.Kh1 g6 18.Rf2 Bg7 19.a4 Nc5 20.Rfe2 Qa8 21.b4 Ncd7 22.Qd3 e5
23.Nb3 exf4 24.gxf4 Nh5 25.Bc1 Rxc4 26.Qxc4 Rc8 27.Qd3 Rxc3 28.Qd1 Rc4 29.Qxd6 Ndf6
30.Rd1 Bf8 31.Qd8 Rxb4 32.Qxa8 Bxa8 33.Rd8 Rxb3 34.Rxa8 Nxf4 35.Re1 Ne6 36.Bh6 Ng4
37.Bxf8 Nxf8 38.e5 Kg7 39.Ra7 Rb2 40.h3 Nf2+ 41.Kg1 Nd3 42.Rf1 Nxe5 43.Bd5 Kh6
44.Bxf7 Nfd7 45.Rxa6 Nc5 46.Ra7 Kg5 47.Be8 h5  1/2-1/2

[Event "Sochi"]
[Site "Sochi"]
[Date "1973.??.??"]
[Round "12"]
[White "Krogius, Nikolai V"]
[Black "Balashov, Yuri S"]
[Result "1/2-1/2"]
[WhiteElo "2560"]
[BlackElo "2560"]

1.Nf3 Nf6 2.c4 e6 3.Nc3 c5 4.g3 Nc6 5.Bg2 d5 6.cxd5 exd5 7.d4 Be7 8.O-O O-O
9.Be3 c4 10.Ne5 Be6 11.Nxc4 dxc4 12.d5 Nxd5 13.Nxd5 Bf6 14.Qd2 Bd4 15.Nf4 Qb6
16.Bxd4 Nxd4 17.e3 Nf5 18.Nxe6 fxe6 19.Qc3 Rac8 20.b3 Nd6 21.bxc4 Rxc4 22.Qb3 Qxb3
23.axb3 Rb4 24.Rfd1 Rd8 25.Rd3 Nf7 26.Rc3 a6 27.Rc7 Rxb3 28.Bxb7 Rb6 29.Rxa6 Rxa6
30.Bxa6 Kf8 31.Bc4 Rd6 32.Kg2 Ne5 33.Bb3 h6 34.f4 Ng4 35.Rc3 Rd2+ 36.Kh3 Nf2+
37.Kh4 Ne4 38.Rc2 Rxc2 39.Bxc2 Nf6 40.e4 e5 41.fxe5 Nd7 42.Kg4 Nxe5+ 43.Kf5 Nf3
44.Bd1 Nxh2 45.Be2 Ke7 46.g4 Kd6 47.Kf4 g6 48.Kg3 Ke5 49.Kxh2 Kxe4 50.Kg3 Ke5
51.Bb5 Kf6 52.Kh4 Kg7  1/2-1/2

[Event "Sochi"]
[Site "Sochi"]
[Date "1973.??.??"]
[Round "15"]
[White "Balashov, Yuri S"]
[Black "Tal, Mihail"]
[Result "1/2-1/2"]
[WhiteElo "2560"]
[BlackElo "2655"]

1.c4 Nf6 2.Nf3 c5 3.Nc3 e6 4.g3 b6 5.Bg2 Bb7 6.O-O Be7 7.d4 cxd4 8.Qxd4 Nc6
9.Qf4 O-O 10.Rd1 Qb8 11.Qxb8 Raxb8 12.Bf4 Rbc8 13.Nb5 d5 14.Nd6 Bxd6 15.Bxd6 Rfd8
16.cxd5 Rxd6 17.dxc6 Rxd1+ 18.Rxd1 Bxc6 19.Ne5  1/2-1/2

[Event "URS-ch sf"]
[Site "Tbilisi"]
[Date "1973.??.??"]
[Round "12"]
[White "Podgaets, Mikhail"]
[Black "Palatnik, Semon"]
[Result "1/2-1/2"]
[WhiteElo "2465"]
[BlackElo "2405"]

1.Nf3 Nf6 2.c4 c5 3.Nc3 e6 4.e3 Nc6 5.d4 d5 6.a3 cxd4 7.exd4 Be7 8.Bd3 dxc4
9.Bxc4 O-O 10.O-O b6 11.Qd3 Bb7 12.Rd1 Rc8 13.Ba2 Qd6 14.Bg5 Rfd8 15.Bb1 g6
16.Ba2 Na5 17.Ne5 a6 18.Re1 Ng4 19.Qg3 Nxe5 20.dxe5 Qd7 21.Rad1 Qe8 22.Rxd8 Qxd8
23.Rd1 Qc7 24.Bxe7 Qxe7 25.Qf4 Kg7 26.h4 h6 27.Rd6 b5 28.Qd4 Nc6 29.Rd7 Nxd4
30.Rxe7 Bc6 31.Ra7 Ra8 32.Rc7 Kf8 33.Bb1 a5 34.Be4 Ra6 35.Bxc6 Rxc6 36.Rxc6 Nxc6
37.Nxb5 Nxe5 38.b3 Ke7 39.Kf1 Nd3 40.Nd4 Kd6 41.Ke2 Nf4+ 42.Kf3  1/2-1/2

[Event "URS-ch sf"]
[Site "Tbilisi"]
[Date "1973.??.??"]
[Round "14"]
[White "Furman, Semen Abramovich"]
[Black "Palatnik, Semon"]
[Result "1-0"]
[WhiteElo "2540"]
[BlackElo "2405"]

1.Nf3 c5 2.c4 Nf6 3.Nc3 d5 4.cxd5 Nxd5 5.d4 Nxc3 6.bxc3 g6 7.e3 Bg7 8.Bd3 O-O
9.O-O Qc7 10.Ba3 Nd7 11.e4 b6 12.e5 Bb7 13.Ng5 Nxe5 14.dxe5 Qxe5 15.Qc1 h6
16.Nf3 Bxf3 17.gxf3 Rad8 18.Bc4 Qxc3 19.Qxc3 Bxc3 20.Rac1 Bd4 21.Rfe1 e6
22.Ba6 Rd5 23.Rc2 Rg5+ 24.Kh1 Rh5 25.Bc1 Rd8 26.Kg2 Be5 27.h3 Bg7 28.Bc4 Rd4
29.f4 Rf5 30.Be3 Rd8 31.Rd2 Rxd2 32.Bxd2 Bf8 33.Re5 Rf6 34.Bb5 Bd6 35.Re4 Rf5
36.Bc6 Bb8 37.Ra4 Rf6 38.Bf3 a5 39.Rc4 Kf8 40.a4 Ke7 41.Be3 Bd6 42.Bc6 Bc7
43.Bb7 Rf5 44.Be4 Rf6 45.Bf3 Rf5 46.Kf1 Kd7 47.Ke2 Bd6 48.Bg4 Rf6 49.h4 Kc6
50.Bf3+ Kc7 51.h5 gxh5 52.Bxh5 Kc6 53.Bf3+ Kc7 54.Bd2 Kd8 55.Kd3 e5 56.Bc3 Ke7
57.Re4 Kd8 58.Bh5 Bc7 59.Kc4 Ke7 60.f3 Rxf4 61.Rxf4 exf4 62.Bg7 f6 63.Kd5 Be5
64.Bxh6 Bb8 65.Bg6  1-0